00781nam a2200217 a 4500001001000000003000900010005001700019008004100036040002500077082002100102100003300123245007800156246003200234260004600266300002000312500007100332500002300403600003500426600005200461651005000513000038066DO-SdBNP20250623100947.0130312s2007 dr 000 0 spa d aDO-SdBNPbspacBNPHU 4a972.93bO96L2221 aOviedo, Luis Tomás,d1952-10aLilís y Trujillo :b2 dictaduras para escolares /cLuis Tomás Oviedo.23a2 dictaduras para escolares aSanto Domingo :bAmigo del hogar ,c2007. a71 p. ;c22 cm. aIncluye datos biográficos del autor en la solapa de la cubierta. aGlosario: p.66-69.10a Heureaux, Ulises, d1845-189910aTrujillo Molina, Rafael Leónidas,d 1891-1961 0aRepública Dominicana xHistoria y1844-1930